[Event "NZL-ch op-B 130th"]
[Site "Wellington"]
[Date "2023.01.07"]
[Round "6"]
[White "List, Robert"]
[Black "Lu, Xiahan Luna"]
[Result "1/2-1/2"]
[WhiteElo "1677"]
[BlackElo "1480"]
[PlyCount "62"]
[EventDate "2023.01.02"]
[EventType "swiss"]
[EventRounds "9"]
[EventCountry "NZL"]
[SourceTitle "CBM 212 Extra"]
[Source "ChessBase"]
[SourceDate "2023.03.31"]
[SourceVersion "1"]
[SourceVersionDate "2023.03.31"]
[SourceQuality "1"]

1. e4 c5 2. Nf3 d6 3. g3 Nc6 4. Bg2 Nf6 5. d3 e6 6. 0-0 Be7 7. h3 0-0 8. Kh2 a6 9. Nc3 d5 10. exd5 exd5 11. Ng1 Be6 12. f4 Qd7 13. Nf3 Bd6 14. Ne2 Rfe8 15. Nh4 Qc7 16. f5 Bd7 17. Bg5 Be5 18. c3 h6 19. Bf4 Bxf4 20. Nxf4 d4 21. Nd5 Nxd5 22. Bxd5 dxc3 23. bxc3 Qe5 24. c4 Qe2+ 25. Kh1 Qxd1 26. Raxd1 Re2 27. Rb1 Rb8 28. a3 Re3 29. Rf3 Re7 30. Rff1 Re3 31. Rf3 Re7 1/2-1/2

[Event "NZL-ch rapid op 130th"]
[Site "Wellington"]
[Date "2023.01.04"]
[Round "1"]
[White "Croad, Nicholas"]
[Black "List, Robert"]
[Result "1-0"]
[WhiteElo "2218"]
[BlackElo "1576"]
[PlyCount "23"]
[EventDate "2023.01.04"]
[EventType "swiss (rapid)"]
[EventRounds "9"]
[EventCountry "NZL"]
[SourceTitle "CBM 212 Extra"]
[Source "ChessBase"]
[SourceDate "2023.03.31"]
[SourceVersion "1"]
[SourceVersionDate "2023.03.31"]
[SourceQuality "1"]

1. e4 b6 2. d4 Bb7 3. Bd3 e6 4. Nf3 Nf6 5. Qe2 h5 6. 0-0 Ng4 7. h3 Nc6 8. c3 Bd6 9. e5 Bf8 10. hxg4 hxg4 11. Ng5 f6 12. Bg6+ 1-0

[Event "North Island-ch"]
[Site "Wellington"]
[Date "2019.04.21"]
[Round "6"]
[White "List, Robert"]
[Black "Stracy, Don M"]
[Result "1/2-1/2"]
[WhiteElo "1562"]
[BlackElo "1585"]
[PlyCount "83"]
[EventDate "2019.04.19"]
[EventType "swiss"]
[EventRounds "8"]
[EventCountry "NZL"]
[SourceTitle "EXT 2020"]
[Source "ChessBase"]
[SourceDate "2019.10.17"]
[SourceVersion "1"]
[SourceVersionDate "2019.10.17"]
[SourceQuality "1"]

1. e4 c5 2. g3 d5 3. Bg2 dxe4 4. Bxe4 Nf6 5. Bg2 Nc6 6. Nf3 g6 7. 0-0 Bg7 8. d3 0-0 9. h3 Re8 10. Be3 Nd5 11. c3 Nxe3 12. fxe3 Qc7 13. g4 b6 14. Ng5 Rf8 15. Qf3 Bb7 16. Na3 Nd8 17. e4 h6 18. h4 hxg5 19. hxg5 Ne6 20. Qe3 Rad8 21. Rf3 Ba6 22. Nc4 b5 23. Nd2 Nd4 24. Rh3 Nc2 25. Qf2 f6 26. Rc1 fxg5 27. Nf3 Nd4 28. cxd4 Bxd4 29. Nxd4 Rxf2 30. Ne6 Rxg2+ 31. Kxg2 Qd6 32. Nxd8 Qxd8 33. Rxc5 Qd4 34. Rxg5 Qxb2+ 35. Kg3 Qf6 36. Rd5 Kg7 37. Rd8 Qe5+ 38. Kf3 Qf6+ 39. Kg3 g5 40. Rd5 Qf4+ 41. Kg2 Bc8 42. Rf3 1/2-1/2

[Event "North Island-ch"]
[Site "Wellington"]
[Date "2019.04.20"]
[Round "4"]
[White "List, Robert"]
[Black "Ravi, Narasimhan Lakshmi"]
[Result "1/2-1/2"]
[WhiteElo "1562"]
[BlackElo "1298"]
[PlyCount "77"]
[EventDate "2019.04.19"]
[EventType "swiss"]
[EventRounds "8"]
[EventCountry "NZL"]
[SourceTitle "EXT 2020"]
[Source "ChessBase"]
[SourceDate "2019.10.17"]
[SourceVersion "1"]
[SourceVersionDate "2019.10.17"]
[SourceQuality "1"]

1. e4 e5 2. Bc4 Nf6 3. d4 Nc6 4. d5 Na5 5. Bd3 b6 6. Nc3 Be7 7. f4 d6 8. f5 Nb7 9. Nf3 Nc5 10. 0-0 Nxd3 11. cxd3 Bd7 12. h3 c5 13. Be3 g6 14. Nh2 Qc7 15. Rc1 gxf5 16. exf5 Qb7 17. Qf3 h5 18. Rf2 0-0-0 19. Nf1 h4 20. a4 Kb8 21. Nd2 Rhg8 22. a5 Rg3 23. Qe2 Nxd5 24. Nxd5 Qxd5 25. Ne4 Rgg8 26. axb6 axb6 27. Kh2 Bb5 28. Rc3 Qxe4 29. dxe4 Bxe2 30. Rxe2 d5 31. exd5 Rxd5 32. Rf2 Bf6 33. Rc4 Rg3 34. Re2 Kc7 35. b4 b5 36. Rxc5+ Rxc5 37. Bxc5 Kc6 38. Rd2 Kc7 39. Bd6+ 1/2-1/2

[Event "Wellington op"]
[Site "Wellington"]
[Date "2018.03.31"]
[Round "5"]
[White "List, Robert"]
[Black "Xu, Hannah"]
[Result "1-0"]
[WhiteElo "1591"]
[BlackElo "1120"]
[PlyCount "149"]
[EventDate "2018.03.30"]
[EventType "swiss"]
[EventRounds "6"]
[EventCountry "NZL"]
[SourceTitle "EXT 2019"]
[Source "ChessBase"]
[SourceDate "2018.10.10"]
[SourceVersion "1"]
[SourceVersionDate "2018.10.10"]
[SourceQuality "1"]

1. e4 e6 2. d4 d5 3. e5 c5 4. c3 Nc6 5. Nf3 Qb6 6. Bd3 Bd7 7. 0-0 cxd4 8. cxd4 Nxd4 9. Nxd4 Qxd4 10. Nc3 Qxe5 11. Re1 Qc7 12. Nxd5 Qc6 13. Bb5 Qc8 14. Qa4 Ne7 15. Bxd7+ Qxd7 16. Nc7+ Kd8 17. Qxd7+ Kxd7 18. Nxa8 Nd5 19. Be3 Bd6 20. Bxa7 Rxa8 21. Bd4 Nb4 22. Bxg7 Nc2 23. Red1 Nxa1 24. Rxa1 Rc8 25. Bc3 e5 26. Re1 Ra8 27. a3 f6 28. g4 Rg8 29. h3 h5 30. f3 Bc5+ 31. Kh2 hxg4 32. hxg4 Rh8+ 33. Kg3 Re8 34. b4 Ba7 35. Rh1 Rc8 36. Rh7+ Kc6 37. Rf7 Kd5 38. Rxb7 Be3 39. Be1 Bf4+ 40. Kg2 Rc2+ 41. Kf1 Rc1 42. Ke2 Rc2+ 43. Kd3 Ra2 44. Ra7 Ra1 45. Ra5+ Kc6 46. Bh4 Rd1+ 47. Ke4 Rd4+ 48. Kf5 Rd3 49. Bxf6 Rxf3 50. Bxe5 Bc1+ 51. Kg6 Bxa3 52. Rc5+ Kb6 53. Rc3 Rxc3 54. Bxc3 Bc1 55. Kf6 Kb5 56. g5 Bxg5+ 57. Kxg5 Kc4 58. Kf5 Kd5 59. Be1 Kc6 60. Ke6 Kb6 61. Kd6 Kb5 62. Kc7 Ka6 63. Kc6 Ka7 64. Bg3 Ka6 65. b5+ Ka5 66. b6 Kb4 67. b7 Kc4 68. b8Q Kd4 69. Qb4+ Ke3 70. Kd5 Kf3 71. Qf4+ Ke2 72. Kd4 Kd1 73. Qf2 Kc1 74. Kc3 Kd1 75. Qd2# 1-0

[Event "Wellington op"]
[Site "Wellington"]
[Date "2018.03.31"]
[Round "4"]
[White "Stracy, Don M"]
[Black "List, Robert"]
[Result "1-0"]
[WhiteElo "1575"]
[BlackElo "1591"]
[PlyCount "51"]
[EventDate "2018.03.30"]
[EventType "swiss"]
[EventRounds "6"]
[EventCountry "NZL"]
[SourceTitle "EXT 2019"]
[Source "ChessBase"]
[SourceDate "2018.10.10"]
[SourceVersion "1"]
[SourceVersionDate "2018.10.10"]
[SourceQuality "1"]

1. e4 b6 2. d4 e6 3. Nf3 Bb7 4. Bd3 f5 5. exf5 Nf6 6. fxe6 dxe6 7. Qe2 Qc8 8. 0-0 Bd6 9. Re1 0-0 10. Qxe6+ Qxe6 11. Rxe6 Nbd7 12. Nc3 Bxf3 13. gxf3 Nh5 14. Be4 Rae8 15. Rxe8 Rxe8 16. Bd5+ Kf8 17. Bd2 Bb4 18. Re1 Ndf6 19. Rxe8+ Kxe8 20. Bc6+ Ke7 21. a3 Bxc3 22. Bxc3 Nf4 23. b4 Ke6 24. Kf1 Kf7 25. Bd2 N4d5 26. c4 1-0

[Event "NZL-ch op rapid"]
[Site "Palmerston North"]
[Date "2018.01.10"]
[Round "6"]
[White "Borsos, Bogdan"]
[Black "List, Robert"]
[Result "1-0"]
[WhiteElo "2193"]
[BlackElo "1641"]
[PlyCount "36"]
[EventDate "2018.01.10"]
[EventType "swiss (rapid)"]
[EventRounds "9"]
[EventCountry "NZL"]
[SourceTitle "EXT 2019"]
[Source "ChessBase"]
[SourceDate "2018.10.10"]
[SourceVersion "1"]
[SourceVersionDate "2018.10.10"]
[SourceQuality "1"]

1. e4 b6 2. d4 e6 3. Bd3 Bb7 4. Ne2 f5 5. exf5 Bxg2 6. Rg1 Bb7 7. fxe6 dxe6 8. Nf4 Nf6 9. Nxe6 Qe7 10. Qe2 Kf7 11. Ng5+ Ke8 12. Nc3 Qxe2+ 13. Bxe2 Nbd7 14. Ne6 Kf7 15. Bc4 Re8 16. d5 Nc5 17. Be3 Nxe6 18. dxe6+ Ke7 1-0

[Event "NZL-ch Seniors"]
[Site "Mount Maunganui"]
[Date "2017.09.03"]
[Round "5"]
[White "Lynn, William"]
[Black "List, Robert"]
[Result "1-0"]
[WhiteElo "1824"]
[BlackElo "1586"]
[PlyCount "37"]
[EventDate "2017.09.01"]
[EventType "swiss"]
[EventRounds "6"]
[EventCountry "NZL"]
[SourceTitle "EXT 2019"]
[Source "ChessBase"]
[SourceDate "2018.10.10"]
[SourceVersion "1"]
[SourceVersionDate "2018.10.10"]
[SourceQuality "1"]

1. e4 d6 2. d4 Nf6 3. Nc3 c6 4. f4 h5 5. Nf3 Qc7 6. Be2 e5 7. fxe5 dxe5 8. Nxe5 Bd6 9. Nf3 Bf4 10. e5 Bxc1 11. Qxc1 Ng4 12. h3 Nh6 13. Qg5 g6 14. Ne4 Qa5+ 15. c3 Nd7 16. Nd6+ Kf8 17. 0-0 b5 18. Nh4 Kg7 19. Bxh5 1-0

[Event "NZL-ch Seniors"]
[Site "Mount Maunganui"]
[Date "2017.09.02"]
[Round "3"]
[White "Gibbons, Robert"]
[Black "List, Robert"]
[Result "1-0"]
[WhiteElo "1956"]
[BlackElo "1586"]
[PlyCount "79"]
[EventDate "2017.09.01"]
[EventType "swiss"]
[EventRounds "6"]
[EventCountry "NZL"]
[SourceTitle "EXT 2019"]
[Source "ChessBase"]
[SourceDate "2018.10.10"]
[SourceVersion "1"]
[SourceVersionDate "2018.10.10"]
[SourceQuality "1"]

1. d4 b6 2. e4 e6 3. Nf3 Bb7 4. Bd3 Bb4+ 5. c3 Be7 6. 0-0 c5 7. Bf4 c4 8. Bc2 d5 9. Bxb8 Rxb8 10. Ba4+ Kf8 11. e5 a6 12. Nbd2 b5 13. Bc2 Ke8 14. h3 g5 15. Nh2 h5 16. f4 g4 17. hxg4 hxg4 18. Qxg4 Kd7 19. Qg7 Nh6 20. f5 Qc7 21. Ng4 Rbg8 22. Nf6+ Bxf6 23. Qxf6 Qd8 24. Qxd8+ Kxd8 25. f6 Rg5 26. Nf3 Rh5 27. Nh2 Bc8 28. Bd1 Rg5 29. g4 Rhg8 30. Rf4 Rf5 31. Rf2 Rfg5 32. Rc1 Nf5 33. Bf3 Ng3 34. Nf1 Ne4 35. Rg2 Bb7 36. Rd1 Bc6 37. Nd2 a5 38. Nxe4 dxe4 39. Bxe4 Rxg4 40. Bxc6 1-0

[Event "NZL-ch op 124th"]
[Site "Wellington"]
[Date "2017.01.07"]
[Round "7"]
[White "List, Robert"]
[Black "Murdoch, Stephen"]
[Result "1/2-1/2"]
[WhiteElo "1612"]
[BlackElo "1438"]
[PlyCount "70"]
[EventDate "2017.01.01"]
[EventType "swiss"]
[EventRounds "9"]
[EventCountry "NZL"]
[SourceTitle "CBM 176 Extra"]
[Source "ChessBase"]
[SourceDate "2017.03.02"]
[SourceVersion "1"]
[SourceVersionDate "2017.03.02"]
[SourceQuality "1"]

1. e4 c5 2. Nc3 g6 3. Bc4 Nc6 4. Qf3 Nf6 5. Qd1 Ne5 6. Be2 Bg7 7. f4 Nc6 8. e5 Ng8 9. Nf3 d6 10. Bb5 dxe5 11. Nxe5 Bxe5 12. fxe5 Qd4 13. Bxc6+ bxc6 14. Qe2 Bg4 15. Qe4 Rc8 16. d3 f5 17. exf6 Nxf6 18. Qxd4 cxd4 19. Ne4 Nxe4 20. dxe4 0-0 21. h3 Bd7 22. Bg5 e5 23. 0-0-0 Kg7 24. Be7 Rf2 25. g3 Re2 26. Rde1 Rxe1+ 27. Rxe1 Bxh3 28. Re2 Re8 29. Bd6 h5 30. Rf2 g5 31. Kd2 Re6 32. Bb8 a6 33. Kd3 Re8 34. Bd6 Re6 35. Bf8+ Kg6 1/2-1/2

[Event "NZL-ch op 124th"]
[Site "Wellington"]
[Date "2017.01.03"]
[Round "3"]
[White "List, Robert"]
[Black "Pomeroy, Arthur"]
[Result "1-0"]
[WhiteElo "1612"]
[BlackElo "2064"]
[PlyCount "57"]
[EventDate "2017.01.01"]
[EventType "swiss"]
[EventRounds "9"]
[EventCountry "NZL"]
[SourceTitle "CBM 176 Extra"]
[Source "ChessBase"]
[SourceDate "2017.03.02"]
[SourceVersion "1"]
[SourceVersionDate "2017.03.02"]
[SourceQuality "1"]

1. e4 c5 2. Nf3 d6 3. d4 cxd4 4. Nxd4 Nf6 5. Nc3 a6 6. Bd3 g6 7. 0-0 Bg7 8. Nde2 0-0 9. Kh1 Nc6 10. f4 b5 11. Qe1 Bb7 12. Qh4 Qd7 13. Rf3 Nb4 14. Be3 Nxd3 15. cxd3 b4 16. Nd5 Nxd5 17. exd5 Bxd5 18. Rh3 h5 19. Qg5 Be6 20. Rxh5 gxh5 21. Ng3 f5 22. Nxh5 Rf7 23. Bd4 Kf8 24. Nxg7 Bd5 25. Qh6 e5 26. Nxf5+ Ke8 27. Nxd6+ Kd8 28. Nxf7+ Qxf7 29. Qd6+ 1-0

[Event "Wellington CC-chB"]
[Site "Wellington"]
[Date "2016.11.03"]
[Round "9"]
[White "List, Robert"]
[Black "Barraza Perez, Jesus"]
[Result "1/2-1/2"]
[WhiteElo "1794"]
[BlackElo "1957"]
[PlyCount "141"]
[EventDate "2016.09.08"]
[EventType "tourn"]
[EventRounds "11"]
[EventCountry "NZL"]
[SourceTitle "EXT 2018"]
[Source "ChessBase"]
[SourceDate "2017.10.13"]
[SourceVersion "1"]
[SourceVersionDate "2017.10.13"]
[SourceQuality "1"]

1. e4 d5 2. exd5 Nf6 3. c4 c6 4. Nc3 g6 5. Nf3 Bg7 6. d4 cxd5 7. c5 0-0 8. Bf4 Nh5 9. Be3 Nc6 10. Be2 f5 11. Qb3 Be6 12. Ng5 Qd7 13. Bxh5 f4 14. Bf3 fxe3 15. Nxe6 exf2+ 16. Kf1 Rxf3 17. gxf3 Qxe6 18. Qxd5 Qxd5 19. Nxd5 Bxd4 20. Kg2 Bxc5 21. Rac1 Bd4 22. b4 e6 23. Nc7 Rb8 24. Nxe6 Bb6 25. a3 Be3 26. Rc3 Bd2 27. Rd3 Be1 28. Nf4 Re8 29. Rf1 g5 30. Nh3 h6 31. Nxf2 Re2 32. Rd7 Ne5 33. Re7 Kf8 34. Rxb7 Nd3 35. Rxe1 Nxe1+ 36. Kf1 Re6 37. Rxa7 Nxf3 38. h3 Rf6 39. b5 Rb6 40. a4 Nd4 41. Ng4 h5 42. Ne5 Rf6+ 43. Kg2 Re6 44. Nd7+ Ke8 45. b6 Nc6 46. b7 Re2+ 47. Kf1 Rb2 48. b8Q+ Nxb8 49. Nf6+ Kd8 50. Nxh5 Rh2 51. Ng7 Rxh3 52. Ne6+ Ke8 53. Nxg5 Rh6 54. Ke2 Rb6 55. Ne4 Kd8 56. Nc5 Kc8 57. Kd3 Nc6 58. Rh7 Nb4+ 59. Kc4 Na6 60. Nxa6 Rxa6 61. Kb5 Rg6 62. a5 Kb8 63. a6 Rf6 64. Rd7 Rg6 65. Rb7+ Ka8 66. Rc7 Kb8 67. Rc6 Rxc6 68. Kxc6 Ka7 69. Kb5 Kb8 70. Kb6 Ka8 71. a7 1/2-1/2

[Event "Wellington CC-chB"]
[Site "Wellington"]
[Date "2016.09.22"]
[Round "3"]
[White "Kulkarni, Yogesh"]
[Black "List, Robert"]
[Result "1-0"]
[WhiteElo "2036"]
[BlackElo "1794"]
[PlyCount "85"]
[EventDate "2016.09.08"]
[EventType "tourn"]
[EventRounds "11"]
[EventCountry "NZL"]
[SourceTitle "EXT 2018"]
[Source "ChessBase"]
[SourceDate "2017.10.13"]
[SourceVersion "1"]
[SourceVersionDate "2017.10.13"]
[SourceQuality "1"]

1. c4 e5 2. Nc3 Nc6 3. g3 Nf6 4. Bg2 Bb4 5. a3 Be7 6. e3 d6 7. Nge2 h5 8. h4 Bf5 9. d4 e4 10. b4 Qd7 11. Qc2 a6 12. Nxe4 Nxe4 13. Bxe4 Bxe4 14. Qxe4 f5 15. Qd3 Bf6 16. Nf4 Ne7 17. Rb1 g6 18. Bb2 Kf7 19. d5 Bxb2 20. Rxb2 Rae8 21. Ne6 Nc8 22. Qd4 Kg8 23. 0-0 Rxe6 24. dxe6 Qxe6 25. Rd2 Rh7 26. c5 Re7 27. Rfd1 Rd7 28. Qd3 d5 29. b5 axb5 30. Qxb5 c6 31. Qa5 Kf7 32. Rb2 Ne7 33. Rdb1 d4 34. exd4 Rxd4 35. Rxb7 Qd5 36. Re1 Re4 37. Rxe4 fxe4 38. Qc3 Ke6 39. Rb4 Nf5 40. Qb3 Nd4 41. Qe3 Nf3+ 42. Kg2 Ne5 43. Rxe4 1-0

[Event "Wellington CC Summer Cup"]
[Site "Wellington"]
[Date "2016.01.28"]
[Round "2"]
[White "List, Robert"]
[Black "Forster, William"]
[Result "0-1"]
[WhiteElo "1661"]
[BlackElo "2094"]
[PlyCount "98"]
[EventDate "2016.01.21"]
[EventType "swiss"]
[EventRounds "8"]
[EventCountry "NZL"]
[SourceTitle "EXT 2018"]
[Source "ChessBase"]
[SourceDate "2017.10.13"]
[SourceVersion "1"]
[SourceVersionDate "2017.10.13"]
[SourceQuality "1"]

1. e4 e5 2. Nf3 Nc6 3. Bd3 g6 4. c3 Bg7 5. Bc2 Nge7 6. d3 d6 7. Be3 0-0 8. Nbd2 Qe8 9. Qc1 a5 10. a4 f5 11. Nf1 f4 12. Bd2 Nd8 13. Bb3+ Kh8 14. h3 Be6 15. Qc2 Ra6 16. c4 Nec6 17. Ba2 Nb4 18. Bxb4 axb4 19. b3 Bf6 20. N1h2 h5 21. 0-0-0 g5 22. d4 exd4 23. Nxd4 Bg7 24. Bb1 Qg6 25. Nb5 Rc6 26. Nf3 Rc5 27. Qd2 Nc6 28. Nxc7 Bxc4 29. Qxd6 Qxd6 30. Rxd6 Bxb3+ 31. Kd2 Na5 32. Rc1 Bc3+ 33. Ke2 Rxc7 34. Nxg5 Bxa4 35. Rh6+ Kg8 36. e5 Bb5+ 37. Bd3 Bxd3+ 38. Kxd3 Bxe5 39. Rxc7 Bxc7 40. Ne6 Rf7 41. Rxh5 Nc6 42. Rg5+ Kh7 43. Rb5 Rd7+ 44. Ke4 Re7 45. Kf5 Rxe6 46. Rxb7 Nd4+ 47. Kg5 Rg6+ 48. Kh5 Ne6 49. Rxb4 Ng7+ 0-1